| 000 | 00427nam a2200181Ia 4500 | ||
|---|---|---|---|
| 008 | 210210b1966 xxu||||| |||| 00| 0 eng d | ||
| 041 | _aeng | ||
| 082 | _a386/46 | ||
| 100 | _aJHABVALA (Noshirvan H) | ||
| 245 | _aPrinciples of Mahomedan law | ||
| 260 |
_aBombay _bC Jamnadas & Co. _c1966 |
||
| 300 | _avii,154 | ||
| 650 | _aPrinciples | ||
| 650 | _aMahomedan | ||
| 650 | _alaw | ||
| 690 | _aLanguage | ||
| 906 | _a005598 | ||
| 999 |
_c125598 _d125598 |
||